| 000 | 00000nas 2200000zi 4500 |
| 001 | 9.943429 |
| 003 | CaOODSP |
| 005 | 20240924155324 |
| 006 | m o d f |
| 007 | cr ||||||||||| |
| 008 | 240919d19611969quc|x m o f0###|0eng|d |
| 040 | |aCaOODSP|beng|erda|cCaOODSP |
| 043 | |an-cn--- |
| 086 | 1 |aDR52-22E-PDF |
| 130 | 0 |aCARDE technical report. |
| 245 | 10|aCARDE technical report. |
| 246 | 1 |iSome issues have title: |aCARDE T.R. |
| 264 | 1|aValcartier, Que. : |bCanadian Armament Research and Development Establishment |
| 310 | |aIrregular |
| 336 | |atext|btxt|2rdacontent |
| 337 | |acomputer|bc|2rdamedia |
| 338 | |aonline resource|bcr|2rdacarrier |
| 588 | |aDescription based on: 317/59; title from PDF cover page. |
| 588 | |aLatest issue consulted: 530[/65]. |
| 650 | 0|aMilitary research|zCanada. |
| 650 | 6|aRecherche militaire|zCanada. |
| 710 | 2 |aCanadian Armament Research and Development Establishment, |eissuing body. |
| 710 | 1 |aCanada. |bDefence Research Board, |eissuing body. |